| 000 | 01283cam a2200337 a 4500 | ||
|---|---|---|---|
| 001 | 4467896 | ||
| 003 | ARRUPE | ||
| 005 | 20160914101345.0 | ||
| 008 | 890221s1988 mnu b 100 0 eng | ||
| 010 | _a88007778 | ||
| 020 | _a0806623535 | ||
| 035 | _a(OCoLC)505785008 | ||
| 035 | _a(OCoLC)ocn505785008 | ||
| 035 | _a(NNC)4467896 | ||
| 040 |
_dNNUT _cArrupe |
||
| 043 | _an-us--- | ||
| 050 | 0 |
_aBX8065.2 _b.T48 1988 |
|
| 090 |
_aBX8065.2 _b.T48 1988 |
||
| 245 | 0 | 0 |
_aTheology and the Black experience : _bthe Lutheran heritage interpreted by African & African-American theologians / _cedited by Albert Pero and Ambrose Moyo. |
| 260 |
_aMinneapolis : _bAugsburg Pub. House, _cc1988. |
||
| 300 |
_a272 p. ; _c22 cm. |
||
| 500 | _aPapers presented at the Conference of International Black Lutherans held in Harare at the University of Zimbabwe in Sept. 1986. | ||
| 504 | _aIncludes bibliographical references. | ||
| 650 | 0 |
_aLutheran Church _xDoctrines _vCongresses. _925818 |
|
| 650 | 0 |
_aAfrican American Lutherans _vCongresses. _925819 |
|
| 700 | 1 |
_aPero, Albert, _d1935- _925820 |
|
| 700 | 1 |
_aMoyo, Ambrose, _d1943- _925821 |
|
| 711 | 2 |
_aConference of International Black Lutherans _d(1986 : _cUniversity of Zimbabwe) _925822 |
|
| 942 |
_2lcc _cMONOGRAPH |
||
| 999 |
_c125242 _d125242 |
||